| 000 | 00579 a2200205 4500 | ||
|---|---|---|---|
| 020 | _a1587051176 | ||
| 035 | _a(DLC) 2002108489 | ||
| 040 |
_aDLC _bDLC |
||
| 082 | 0 | 0 | _a005.8 |
| 100 | 1 | _aKaeo, Merike. | |
| 245 | 1 | 0 |
_aDesigning network security _cMerike Kaeo. |
| 250 | _a2nd ed. | ||
| 260 |
_aIndianapolis, IN : _bCisco Press, _cc2004. |
||
| 300 |
_axxiii, 745 p. : _bill. ; _c24 cm. |
||
| 500 | _aIncludes index. | ||
| 650 | 0 |
_aComputer networks _xSecurity measures. |
|
| 650 | 0 |
_aInternet _xSecurity measures. |
|
| 650 | 0 | _aComputer security. | |
| 942 |
_cBK _k005.8 KAE _2ddc |
||
| 999 |
_c6692 _d6692 |
||